| 000 | 00706nam a2200229 i 4500 | ||
|---|---|---|---|
| 999 |
_c232892 _d232892 |
||
| 001 | 1807023 | ||
| 003 | Nust | ||
| 005 | 20170224120940.0 | ||
| 008 | 790712s1978 pk d 000 0 eng | ||
| 010 | _a 78931279 | ||
| 020 | _c978-0-19-579340-6 | ||
| 040 |
_aDLC _cASAB _dDLC |
||
| 050 | 0 | 0 |
_aPK1976 _b.F37 |
| 082 | 0 | 0 | _a423/.91439 |
| 245 | 0 | 0 |
_athe oxford english to urdu dictionary : _cshanul haq haqqee |
| 250 | _a1st ed. | ||
| 260 |
_aLahore : _bFerozsons, _c1978. |
||
| 300 |
_a2099 p. ; _c23 cm. |
||
| 650 | 0 |
_aEnglish language _xDictionaries _xUrdu. |
|
| 700 | 2 |
_aHamid Khan, Abdul, _d1900- |
|
| 906 |
_a7 _bcbc _corignew _d4 _encip _f19 _gy-gencatlg |
||
| 942 |
_2ddc _cBK |
||